Auction spending soars as cost of debt drops (Record no. 75619)

MARC details
000 -LEADER
fixed length control field 00798cab a2200181 4500
001 - CONTROL NUMBER
control field L130439
008 - FIXED-LENGTH DATA ELEMENTS--GENERAL INFORMATION
fixed length control field 050728n2005 000 0 eng u
035 ## - SYSTEM CONTROL NUMBER
System control number (Sirsi) u130439
041 ## - LANGUAGE CODE
Language code of text/sound track or separate title eng
100 ## - MAIN ENTRY--PERSONAL NAME
Personal name Cruise, Sinead
245 ## - TITLE STATEMENT
Title Auction spending soars as cost of debt drops
260 ## - PUBLICATION, DISTRIBUTION, ETC.
Date of publication, distribution, etc. 2005
490 ## - SERIES STATEMENT
Series statement Property Week
Volume/sequential designation 70(27) 8 July 2005, 21(1)
520 ## - SUMMARY, ETC.
Summary, etc. Figures from the IPD and JLL's Auction Results Analysis Service show that there has been a 16% rise in the money spent in UK commercial property auction rooms. The average lot size has reached £624 000 this quarter, with the total money spent being £343m, compared to £295m for the same quarter last year.
590 ## - LOCAL NOTE (RLIN)
Local note IKA020805
690 ## - LOCAL SUBJECT ADDED ENTRY--TOPICAL TERM (OCLC, RLIN)
Topical term or geographic name as entry element PROPERTY-COMMERCIAL PROPERTY-AUCTIONEERING COMMERCIAL PROPERTY
942 ## - ADDED ENTRY ELEMENTS (KOHA)
Suppress in OPAC 0
Holdings
Withdrawn status Lost status Source of classification or shelving scheme Damaged status Not for loan Home library Current library Shelving location Date acquired Total Checkouts Full call number Barcode Date last seen Copy number Price effective from Koha item type
    Dewey Decimal Classification     London London Journal article 28/07/2005   L130439 130439-1001 06/08/2019 1 06/08/2019 Journal article